[Event "SR 2. liga A 2014/2015"]
[Site "?"]
[Date "2015.02.01"]
[Round "7.1"]
[White "Sahidi, Samir"]
[Black "Michal, Silvio"]
[Result "1-0"]
[WhiteElo "2026"]
[BlackElo "2089"]
[PlyCount "89"]
[EventDate "2014.??.??"]

1. e4 Nf6 2. Nc3 d5 3. e5 d4 4. Nce2 Ne4 5. d3 Nc5 6. f4 Nc6 7. Nf3 Bg4 8. Ng3
g5 9. fxg5 Nxe5 10. Be2 Qd6 11. O-O Ng6 12. Nd2 Bxe2 13. Qxe2 O-O-O 14. Rxf7
Nf4 15. Qg4+ Nfe6 16. Nc4 Qd7 17. b4 Ng7 18. Qxd7+ Nxd7 19. Bb2 e5 20. a3 Ne6
21. Ne4 h6 22. g6 Rg8 23. Rxd7 Rxd7 24. Nf6 Rdg7 25. Nxg8 Rxg8 26. Nxe5 Bd6 27.
Re1 Bxe5 28. Rxe5 Rxg6 29. Re4 b6 30. Bxd4 Kb7 31. Be3 Ng5 32. Bxg5 Rxg5 33. h4
Rh5 34. Kh2 a5 35. Kh3 axb4 36. axb4 Rd5 37. g4 Kc8 38. Re6 h5 39. g5 Rd4 40.
Re4 Rd6 41. Kg3 Rc6 42. c4 Rd6 43. d4 c6 44. Kf4 Kd7 45. Kf5 1-0

[Event "SR 2. liga A 2014/2015"]
[Site "?"]
[Date "2015.02.01"]
[Round "7.1"]
[White "Gazi, Mikulas"]
[Black "Macko, Miroslav"]
[Result "0-1"]
[WhiteElo "2098"]
[BlackElo "2010"]
[PlyCount "66"]
[EventDate "2014.??.??"]

1. e4 e5 2. Nf3 Nc6 3. Bc4 Nf6 4. Nc3 Nxe4 5. Bxf7+ Kxf7 6. Nxe4 Be7 7. d4 d5
8. Neg5+ Ke8 9. Nxe5 Nxe5 10. dxe5 Bf5 11. h4 Qd7 12. Qe2 Rf8 13. O-O Qc6 14.
c3 h6 15. Nh3 Bxh3 16. gxh3 Qe6 17. Kh2 Rd8 18. f4 Kd7 19. Be3 Bxh4 20. Qh5 Be7
21. Rg1 g5 22. Raf1 Rf5 23. Qg4 h5 24. Qxh5 gxf4 25. Qg4 f3 26. Rxf3 Rxf3 27.
Qxf3 Qxe5+ 28. Bf4 Qf5 29. Qg3 c6 30. Rg2 Rf8 31. Bb8 Rc8 32. Be5 Rf8 33. Bb8
Rxb8 0-1

[Event "SR 2. liga A 2014/2015"]
[Site "?"]
[Date "2015.02.01"]
[Round "7.1"]
[White "Vrtiakova, Anna"]
[Black "Syrovy, Ivan"]
[Result "1-0"]
[WhiteElo "1966"]
[BlackElo "2017"]
[PlyCount "115"]
[EventDate "2014.??.??"]

1. e4 c5 2. Nf3 g6 3. d4 cxd4 4. Nxd4 Bg7 5. c4 Nc6 6. Be3 Nf6 7. Nc3 O-O 8.
Be2 d6 9. O-O a6 10. Rc1 e5 11. Nb3 Re8 12. f3 Be6 13. Qd2 Qd7 14. Rfd1 Bf8 15.
Na4 Qe7 16. Na5 Nh5 17. c5 Rad8 18. Nxc6 bxc6 19. cxd6 Rxd6 20. Qxd6 Qxd6 21.
Rxd6 Bxd6 22. Rxc6 Be7 23. Bc4 Bxc4 24. Rxc4 Rd8 25. Nc3 Nf4 26. Bxf4 exf4 27.
Nd5 Kf8 28. Rc6 a5 29. Nxe7 Kxe7 30. Rc2 h5 31. Kf2 Rd1 32. Ke2 Rg1 33. Kf2 Rd1
34. Ke2 Rg1 35. Kd3 g5 36. h3 Ke6 37. Kc4 f5 38. exf5+ Kxf5 39. Kb5 g4 40.
hxg4+ hxg4 41. Kxa5 g3 42. b4 Rf1 43. Ka4 Ke5 44. Kb3 Kd4 45. b5 Re1 46. a4 Ke3
47. b6 Rb1+ 48. Rb2 Rxb2+ 49. Kxb2 Kf2 50. b7 Kxg2 51. b8=Q Kxf3 52. Qb3+ Kg4
53. Qe6+ Kf3 54. Qd5+ Kf2 55. Qd4+ Kf3 56. Kc2 g2 57. Kd2 Kg3 58. Qg1 1-0

[Event "SR 2. liga A 2014/2015"]
[Site "?"]
[Date "2015.02.01"]
[Round "7.1"]
[White "Petrigacova, Daniela"]
[Black "Lintner, Igor"]
[Result "0-1"]
[WhiteElo "1829"]
[BlackElo "1941"]
[PlyCount "72"]
[EventDate "2014.??.??"]

1. e4 c5 2. Nf3 d6 3. d4 cxd4 4. Nxd4 a6 5. Nc3 e6 6. Be3 b5 7. Bd3 Nf6 8. a3
Bb7 9. f3 Nbd7 10. O-O Rc8 11. Qd2 Nb6 12. Rfe1 Be7 13. Qf2 Nc4 14. Bxc4 Rxc4
15. Rad1 O-O 16. Nb3 Nd7 17. Bf4 e5 18. Be3 f5 19. Nd2 Rxc3 20. bxc3 f4 21.
Bxf4 exf4 22. Qd4 Qc7 23. Nb3 Ne5 24. Nc1 Nc4 25. Nd3 Bf6 26. e5 Nxe5 27. Qxf4
Nxd3 28. cxd3 Bxc3 29. Qc1 Qb6+ 30. Kh1 Bxe1 31. Rxe1 Qc5 32. Qb2 Rc8 33. d4
Qc2 34. Qb4 Qc3 35. Re8+ Kf7 36. Rxc8 Qa1+ 0-1

[Event "SR 2. liga A 2014/2015"]
[Site "?"]
[Date "2015.02.01"]
[Round "7.2"]
[White "Sosovicka, Juraj"]
[Black "Dolnak, Michal"]
[Result "0-1"]
[WhiteElo "2215"]
[BlackElo "2187"]
[PlyCount "96"]
[EventDate "2014.??.??"]

1. e4 e5 2. Nf3 Nc6 3. Bc4 Bc5 4. c3 Nf6 5. d3 a6 6. Nbd2 Ba7 7. Bb3 O-O 8. h3
h6 9. O-O d6 10. Re1 Nh5 11. Nf1 Qf6 12. Be3 Nf4 13. Bxf4 Qxf4 14. Ne3 Ne7 15.
Nh2 Qg5 16. Nf3 Qf6 17. d4 Ng6 18. dxe5 dxe5 19. Nd5 Qd8 20. Nh2 c6 21. Ne3 Qg5
22. Nf3 Qf6 23. Ng4 Qe7 24. Qc2 h5 25. Ne3 Qf6 26. Nf5 Nf4 27. Rad1 Bc5 28. h4
g6 29. Nh6+ Kg7 30. Nxf7 Rxf7 31. Bxf7 Qxf7 32. Nxe5 Qe7 33. Nd3 Nxd3 34. Rxd3
Qxh4 35. b4 Bb6 36. g3 Qh3 37. c4 Bg4 38. Qc3+ Kf7 39. Qe5 Re8 40. Qf4+ Kg7 41.
c5 Bd8 42. Qd6 Rf8 43. Qb8 Bg5 44. Qe5+ Bf6 45. Qd6 Bb2 46. e5 Rxf2 47. Kxf2
Qh2+ 48. Ke3 Qxg3+ 0-1

[Event "SR 2. liga A 2014/2015"]
[Site "?"]
[Date "2015.02.01"]
[Round "7.2"]
[White "Bronis, Marian"]
[Black "Duben, Igor"]
[Result "1/2-1/2"]
[WhiteElo "2157"]
[BlackElo "2198"]
[PlyCount "49"]
[EventDate "2014.??.??"]

1. d4 d5 2. c4 c6 3. Nc3 Nf6 4. e3 g6 5. Nf3 Bg7 6. Bd3 O-O 7. O-O Nbd7 8. Qe2
Qc7 9. Bd2 dxc4 10. Bxc4 e5 11. Rac1 exd4 12. Nxd4 Ne5 13. Bb3 a6 14. h3 c5 15.
Na4 b6 16. Rfd1 Rb8 17. Nf3 Nxf3+ 18. Qxf3 Bb7 19. Qf4 Qxf4 20. exf4 Bc6 21.
Be3 Rfc8 22. Nc3 Bf8 23. Nd5 Nxd5 24. Bxd5 Bxd5 25. Rxd5 1/2-1/2

[Event "SR 2. liga A 2014/2015"]
[Site "?"]
[Date "2015.02.01"]
[Round "7.2"]
[White "Oprea, Erik"]
[Black "Duriga, Stefan"]
[Result "0-1"]
[WhiteElo "2163"]
[BlackElo "2239"]
[PlyCount "74"]
[EventDate "2014.??.??"]

1. c4 Nf6 2. Nc3 g6 3. d4 Bg7 4. e4 d6 5. f3 O-O 6. Be3 e5 7. d5 Nh5 8. Qd2
Qh4+ 9. g3 Nxg3 10. Qf2 Nxf1 11. Qxh4 Nxe3 12. Kd2 Nxc4+ 13. Kc2 Na6 14. Re1
Bd7 15. Nh3 b5 16. Re2 b4 17. Nd1 Bb5 18. Rhe1 c6 19. dxc6 Rac8 20. Kb1 Rxc6
21. Ne3 Nxe3 22. Rxe3 Rfc8 23. Rd1 Nc5 24. Nf2 h5 25. f4 Bh6 26. b3 Bxf4 27.
Rh3 Be2 28. Rg1 Kg7 29. Qe7 R6c7 30. Qh4 a5 31. Re1 g5 32. Rg3 Nd3 33. Rxg5+
Kf8 34. Nxd3 Bxd3+ 35. Ka1 Rc1+ 36. Rxc1 Rxc1+ 37. Kb2 Rb1# 0-1

[Event "SR 2. liga A 2014/2015"]
[Site "?"]
[Date "2015.02.01"]
[Round "7.2"]
[White "Biro, Karol"]
[Black "Sosovicka, Matej"]
[Result "0-1"]
[WhiteElo "2136"]
[BlackElo "2155"]
[PlyCount "118"]
[EventDate "2014.??.??"]

1. e4 e5 2. Nf3 Nc6 3. Bc4 Nf6 4. d3 Bc5 5. Nc3 a6 6. Bg5 h6 7. Bh4 d6 8. Nd5
g5 9. Nxg5 Nxd5 10. Qh5 hxg5 11. Qxh8+ Kd7 12. Qxd8+ Nxd8 13. Bxg5 Ne7 14. Be3
b5 15. Bb3 Ne6 16. Bxc5 dxc5 17. Bxe6+ Kxe6 18. g3 Bb7 19. h4 f5 20. f3 c4 21.
Ke2 cxd3+ 22. Kxd3 Rd8+ 23. Ke3 fxe4 24. fxe4 Rd4 25. Rad1 Rxe4+ 26. Kf2 Bd5
27. Rd3 Nf5 28. Re1 Rg4 29. b3 c6 30. a3 a5 31. Rg1 e4 32. Rc3 Ke5 33. b4 Kd4
34. Rc5 e3+ 35. Ke1 axb4 36. axb4 Nxh4 37. Rf1 Ng2+ 38. Ke2 Bc4+ 39. Rxc4+ bxc4
40. Kf3 e2 41. Kxe2 Rxg3 42. Rf6 Ne3 43. Rxc6 Nxc2 44. b5 Rb3 45. Kd2 Na3 46.
Rd6+ Kc5 47. Rc6+ Kxb5 48. Rc8 Kb4 49. Rb8+ Nb5 50. Kc2 Rh3 51. Kb2 Rh2+ 52.
Kb1 c3 53. Kc1 Rh5 54. Kc2 Kc4 55. Rc8+ Rc5 56. Rd8 Na3+ 57. Kc1 Kb3 58. Rb8+
Nb5 59. Rb7 Rh5 0-1

[Event "SR 2. liga A 2014/2015"]
[Site "?"]
[Date "2015.02.01"]
[Round "7.2"]
[White "Hricak, Vasil"]
[Black "Sukuba, Zdeno"]
[Result "0-1"]
[WhiteElo "2090"]
[BlackElo "2096"]
[PlyCount "118"]
[EventDate "2014.??.??"]

1. b3 d5 2. Bb2 Bf5 3. e3 e6 4. Nf3 Nf6 5. Be2 h6 6. O-O Nbd7 7. Ne5 Nxe5 8.
Bxe5 Bd6 9. f4 Bxe5 10. fxe5 Nd7 11. d4 c5 12. Bd3 Bxd3 13. Qxd3 O-O 14. Nd2
Rc8 15. c3 Qa5 16. Rf3 cxd4 17. exd4 f5 18. c4 Rfd8 19. Qe3 Nf8 20. a3 dxc4 21.
Nxc4 Qd5 22. Nd6 {=} Rc7 23. Rff1 Rc2 24. Rf2 Rxf2 25. Kxf2 Ng6 26. Rd1 Ne7 27.
Qf3 Qxf3+ 28. Kxf3 Rd7 29. Rc1 g5 30. g3 Kg7 31. Rc2 Kg6 32. Ke3 h5 33. b4 g4
34. b5 Nd5+ 35. Kd3 h4 36. Rc8 h3 37. Rg8+ Rg7 38. Re8 Re7 39. Rg8+ Kh7 40. Rb8
f4 41. Ne4 fxg3 42. Nxg3 Rf7 43. Ne4 Rf3+ 44. Kd2 Rxa3 45. Ng5+ Kg6 46. Nxe6 g3
47. hxg3 h2 48. Rh8 Ra1 49. Kd3 h1=Q 50. Rxh1 Rxh1 51. Kc4 Ne3+ 52. Kc5 Rc1+
53. Kd6 Nf5+ 54. Kd7 Nxd4 55. Nxd4 Rd1 56. Kc7 Rxd4 57. Kxb7 Rd7+ 58. Kc6 Re7
59. Kd6 Rb7 0-1

[Event "SR 2. liga A 2014/2015"]
[Site "?"]
[Date "2015.02.01"]
[Round "7.2"]
[White "Petreje, Juraj"]
[Black "Prikler, Bruno"]
[Result "0-1"]
[WhiteElo "2060"]
[BlackElo "2072"]
[PlyCount "52"]
[EventDate "2014.??.??"]

1. d4 d6 2. Nf3 g6 3. e4 Bg7 4. Bc4 Nf6 5. Qe2 c6 6. Bb3 Nbd7 7. O-O O-O 8. Rd1
Qc7 9. h3 e5 10. c3 Re8 11. Nbd2 d5 12. dxe5 Nxe5 13. exd5 Bf5 14. Nxe5 Rxe5
15. Qf1 cxd5 16. Nf3 Ree8 17. Be3 Rad8 18. Bd4 a6 19. a4 Be4 20. a5 Bxf3 21.
gxf3 Qf4 22. Bb6 Rc8 23. Rd3 Re5 24. Kh1 Rg5 25. Be3 Qxf3+ 26. Kh2 Ng4+ 0-1

[Event "SR 2. liga A 2014/2015"]
[Site "?"]
[Date "2015.02.01"]
[Round "7.2"]
[White "Kebis, Milos"]
[Black "Szollos, Ondrej"]
[Result "1-0"]
[WhiteElo "1942"]
[BlackElo "1972"]
[PlyCount "125"]
[EventDate "2014.??.??"]

1. d4 Nf6 2. c4 d6 3. Nc3 c6 4. e4 Qc7 5. Nf3 e5 6. Be2 Be7 7. O-O O-O 8. Bg5
h6 9. Bh4 Bg4 10. h3 Bxf3 11. Bxf3 Nxe4 12. Bxe7 Nxc3 13. Bxd6 Qxd6 14. bxc3
Qc7 15. d5 Rd8 16. Qb3 Na6 17. Qa3 cxd5 18. cxd5 Nc5 19. c4 Rab8 20. Rfe1 b6
21. Rad1 Qd6 22. Re3 Rb7 23. Qb2 Re7 24. g3 f5 25. Bg2 Kh8 26. Qc2 e4 27. Qe2
Qf6 28. f3 exf3 29. Qxf3 Rxe3 30. Qxe3 Nb7 31. Re1 Nc5 32. h4 Qg6 33. Kh2 Qg4
34. Qe5 Nd3 35. Qe7 Nxe1 36. Qxd8+ Kh7 37. Qe7 Nxg2 38. Kxg2 Qxc4 39. d6 Qd5+
40. Kf2 Qd2+ 41. Kf3 Qd1+ 42. Kf4 Qg4+ 43. Ke3 Qc4 44. h5 a5 45. d7 Qc1+ 46.
Kd4 Qd1+ 47. Ke5 Qe1+ 48. Kd6 Qb4+ 49. Ke6 {=} Qc4+ 50. Kxf5 Qd5+ 51. Kf4 Qd2+
52. Kf3 Qd1+ 53. Kf2 Qd2+ 54. Kg1 Qd1+ 55. Kf2 Qd2+ 56. Kf3 Qd1+ 57. Kf4 Qc1+
58. Kf5 Qf1+ 59. Ke6 Qc4+ 60. Ke5 Qc3+ 61. Kd5 Qd3+ 62. Kc6 Qf3+ 63. Kc7 1-0

[Event "SR 2. liga A 2014/2015"]
[Site "?"]
[Date "2015.02.01"]
[Round "7.3"]
[White "Bury, Rastislav"]
[Black "Liptak, Tomas"]
[Result "1/2-1/2"]
[WhiteElo "2147"]
[BlackElo "2168"]
[PlyCount "69"]
[EventDate "2014.??.??"]

1. d4 Nf6 2. c4 g6 3. Nc3 Bg7 4. e4 d6 5. Nf3 O-O 6. Be2 e5 7. dxe5 dxe5 8.
Qxd8 Rxd8 9. Bg5 Re8 10. Nd5 Nxd5 11. cxd5 c6 12. Bc4 b5 13. Bb3 a5 14. a4 Bd7
15. O-O bxa4 16. Rxa4 cxd5 17. Bxd5 Bxa4 18. Bxa8 Nd7 19. Ra1 Rxa8 20. Rxa4 Nc5
21. Rc4 Nd3 22. b3 Rb8 23. Rc3 Nf4 24. Kf1 Ne6 25. Be7 f6 26. g3 Kf7 27. Bd6
Rb6 28. Ba3 h5 29. Nd2 Nd4 30. Rc7+ Kg8 31. Bc5 Rb5 32. Rc8+ Kf7 33. Rc7+ Kg8
34. Rc8+ Kf7 35. Rc7+ 1/2-1/2

[Event "SR 2. liga A 2014/2015"]
[Site "?"]
[Date "2015.02.01"]
[Round "7.3"]
[White "Szitkey, Milan"]
[Black "Jozefek, Michal"]
[Result "0-1"]
[WhiteElo "2151"]
[BlackElo "2064"]
[PlyCount "80"]
[EventDate "2014.??.??"]

1. e4 c5 2. Nf3 d6 3. c3 Nf6 4. Be2 Nc6 5. d4 cxd4 6. cxd4 Nxe4 7. d5 Qa5+ 8.
Nc3 Nxc3 9. bxc3 Ne5 10. Nxe5 dxe5 11. O-O g6 12. Rb1 Qc7 13. Qb3 b6 14. Ba3
Bf5 15. Bb5+ Bd7 16. f4 e4 17. d6 exd6 18. Bxd7+ Qxd7 19. Qd5 Rc8 20. Qd4 f6
21. f5 d5 22. Bxf8 Rxf8 23. Rbd1 Rc4 24. Qe3 g5 25. Rd2 Kf7 26. Rfd1 Rd8 27. h4
h6 28. hxg5 fxg5 29. Qe2 Qc6 30. Qh5+ Kg7 31. f6+ Qxf6 32. Rxd5 Rxd5 33. Rxd5
Rc7 34. Qh2 Re7 35. Qg3 e3 36. Rd3 Qf4 37. Qe1 e2 38. Rf3 Qd6 39. g3 Qd5 40.
Rf2 Qd1 0-1

[Event "SR 2. liga A 2014/2015"]
[Site "?"]
[Date "2015.02.01"]
[Round "7.3"]
[White "Spacek, Oliver"]
[Black "Arendas, Marek"]
[Result "1-0"]
[WhiteElo "2011"]
[BlackElo "2104"]
[PlyCount "81"]
[EventDate "2014.??.??"]

1. e4 e5 2. Nf3 Nc6 3. Bb5 d6 4. O-O Nf6 5. Re1 Be7 6. c3 a6 7. Ba4 O-O 8. h3
b5 9. Bc2 Bb7 10. d3 Re8 11. Nbd2 Bf8 12. Nf1 g6 13. Bg5 h6 14. Bd2 Bg7 15. g4
h5 16. Ng5 hxg4 17. hxg4 d5 18. Qe2 Qd7 19. f3 Rad8 20. Rad1 Nb8 21. Be3 Qc8
22. Qf2 Nbd7 23. b4 Nf8 24. Bb3 Ne6 25. Nxe6 Qxe6 26. Qh4 Nd7 27. Bh6 Bf6 28.
g5 Bh8 29. Ne3 Qb6 30. Rd2 d4 31. cxd4 Qxd4 32. Rh2 c5 33. Kh1 Qxd3 34. Bd5
Bxd5 35. Nxd5 Qxf3+ 36. Kg1 f6 37. Bf8 Nxf8 38. Qxh8+ Kf7 39. Rf1 Qg4+ 40. Rg2
Qe6 41. Rxf6+ 1-0

[Event "SR 2. liga A 2014/2015"]
[Site "?"]
[Date "2015.02.01"]
[Round "7.3"]
[White "Stetina, Erik"]
[Black "Jablonicky, Martin"]
[Result "0-1"]
[WhiteElo "2051"]
[BlackElo "1949"]
[PlyCount "74"]
[EventDate "2014.??.??"]

1. e4 e5 2. Nf3 Nc6 3. Bb5 Nf6 4. d3 d6 5. O-O Be7 6. c3 a6 7. Ba4 O-O 8. h3 b5
9. Bc2 Nb8 10. d4 Nbd7 11. Qe2 Re8 12. Rd1 Bf8 13. a4 Bb7 14. d5 c6 15. axb5
axb5 16. Rxa8 Qxa8 17. Nbd2 cxd5 18. exd5 Bxd5 19. Qxb5 e4 20. Nd4 e3 21. N2f3
Ne5 22. Qe2 Nh5 23. fxe3 Nf4 24. Qf2 Bxf3 25. Nxf3 Nxh3+ 26. gxh3 Nxf3+ 27. Kf1
Re6 28. Ke2 Rf6 29. Qg3 Ne5 30. Rg1 Qa6+ 31. Kd1 Nf3 32. Rh1 Qb5 33. Qg2 Nh4
34. Qg1 Qh5+ 35. Qg4 Qd5+ 36. Ke2 Qxh1 37. Qxh4 Qf1+ 0-1

[Event "SR 2. liga A 2014/2015"]
[Site "?"]
[Date "2015.02.01"]
[Round "7.3"]
[White "Doucha, Ludvik"]
[Black "Pericka, Tomas"]
[Result "1-0"]
[WhiteElo "2006"]
[BlackElo "2010"]
[PlyCount "95"]
[EventDate "2014.??.??"]

1. e4 c5 2. c4 Nc6 3. Ne2 g6 4. d4 cxd4 5. Nxd4 Bg7 6. Be3 Nf6 7. Nc3 Ng4 8.
Qxg4 Nxd4 9. Qd1 e5 10. Qd2 d6 11. Bd3 Be6 12. O-O O-O 13. Rac1 Rc8 14. b3 a6
15. Ne2 Nc6 16. Rfd1 Qc7 17. b4 Ne7 18. a4 f5 19. f3 fxe4 20. fxe4 Bg4 21. b5
Rf6 22. h3 Be6 23. Ng3 Rcf8 24. Be2 Nc8 25. c5 Bb3 26. Re1 axb5 27. axb5 dxc5
28. Bxc5 Rd8 29. Qb4 Qf7 30. Rf1 Be6 31. Be3 Rxf1+ 32. Rxf1 Qc7 33. b6 Qe7 34.
Qc3 Rd6 35. Qb2 Qd8 36. Rb1 Qh4 37. Kh2 Bh6 38. Bxh6 Qxh6 39. Rc1 Qf4 40. Qb4
Rd2 41. Rf1 Qh6 42. Qc5 Rb2 43. Qxe5 Rxb6 44. Bc4 g5 45. Qc7 Rc6 46. Qd8+ Kg7
47. Qf8+ Kg6 48. Qf6# 1-0

[Event "SR 2. liga A 2014/2015"]
[Site "?"]
[Date "2015.02.01"]
[Round "7.3"]
[White "Ocko, Martin"]
[Black "Sturdik, Igor"]
[Result "1/2-1/2"]
[WhiteElo "1857"]
[BlackElo "1990"]
[PlyCount "109"]
[EventDate "2014.??.??"]

1. e4 Nf6 2. e5 Nd5 3. c4 Nb6 4. d4 d6 5. f4 dxe5 6. fxe5 Nc6 7. Be3 Bf5 8. Nc3
e6 9. Nf3 Be7 10. Be2 O-O 11. O-O f6 12. Nh4 fxe5 13. Nxf5 exf5 14. d5 Nd4 15.
Bxd4 exd4 16. Qxd4 Nd7 17. Kh1 Bd6 18. Qf2 a6 19. Bd3 g6 20. Rae1 Qg5 21. Qe3
Qxe3 22. Rxe3 Rae8 23. Rfe1 Kf7 24. Rxe8 Rxe8 25. Rxe8 Kxe8 26. g3 Ke7 27. Kg2
Kf6 28. b3 Bb4 29. Ne2 Ne5 30. Bb1 Bc5 31. Nf4 c6 32. h3 Ke7 33. Ne6 Bb4 34.
Nf4 Kd6 35. Bc2 Bd2 36. dxc6 Nxc6 37. Nd5 Nb4 38. Nxb4 Bxb4 39. Kf3 Ke5 40. g4
fxg4+ 41. Kxg4 Bd2 42. Kf3 Kd4 43. Be4 b6 44. Bb7 a5 45. Bc6 Kc3 46. Ke4 Kb2
47. Ke5 Kxa2 48. Ba4 Kb2 49. Kf6 g5 50. Ke5 h5 51. Ke4 g4 52. hxg4 hxg4 53. Kd3
g3 54. Ke2 Bf4 55. Kf3 1/2-1/2

[Event "SR 2. liga A 2014/2015"]
[Site "?"]
[Date "2015.02.01"]
[Round "7.3"]
[White "Bahna, Jan"]
[Black "Danada, Ondrej"]
[Result "0-1"]
[WhiteElo "1940"]
[BlackElo "1870"]
[PlyCount "92"]
[EventDate "2014.??.??"]

1. e4 c6 2. d4 d5 3. Nd2 dxe4 4. Nxe4 Bf5 5. Ng3 Bg6 6. Nf3 Nd7 7. Bd3 Ngf6 8.
O-O Qc7 9. Re1 e6 10. c3 Bd6 11. a4 O-O 12. Nh4 Bxd3 13. Qxd3 c5 14. Be3 cxd4
15. cxd4 Nd5 16. Rac1 Qa5 17. b3 Rac8 18. Nf3 Bb4 19. Bd2 Bxd2 20. Qxd2 Qxd2
21. Nxd2 N7f6 22. Rc4 Nb6 23. Rc5 Nfd7 24. Rcc1 Nf6 25. a5 Nbd5 26. Rc4 Ne7 27.
Rec1 Rc6 28. f3 Rd8 29. b4 Rxc4 30. Rxc4 Rc8 31. b5 Rxc4 32. Nxc4 Nc8 33. Ne4
Ne8 34. Kf2 Kf8 35. Ke3 Ke7 36. h4 Ncd6 37. Ncxd6 Nxd6 38. Nxd6 Kxd6 39. g4 Kd5
40. Kd3 f6 41. f4 g6 42. h5 gxh5 43. gxh5 h6 44. Ke3 b6 45. axb6 axb6 46. f5 e5
0-1

[Event "SR 2. liga A 2014/2015"]
[Site "?"]
[Date "2015.02.01"]
[Round "7.4"]
[White "Federic, Jozef"]
[Black "Lanc, Alois"]
[Result "1-0"]
[WhiteElo "2305"]
[BlackElo "2344"]
[PlyCount "80"]
[EventDate "2014.??.??"]

1. d4 Nf6 2. Nf3 g6 3. g3 Bg7 4. c4 O-O 5. Bg2 d6 6. O-O c6 7. Nc3 Qa5 8. Qc2
Qh5 9. Rd1 Na6 10. a3 e5 11. Bg5 Bf5 12. Qc1 h6 13. Bxf6 Bxf6 14. dxe5 dxe5 15.
Qe3 e4 16. Nxe4 Bxe4 17. Qxe4 Bxb2 18. Ra2 Bg7 19. Qe7 Rab8 20. Rad2 Qa5 21.
Qe3 Nc5 22. Nd4 Rbe8 23. Qf3 Qa4 24. Rb1 Ne4 25. Qxe4 Rxe4 26. Bxe4 Qxc4 27. e3
c5 28. Rc2 Qa4 29. Rxc5 b6 30. Rc7 Be5 31. Bc2 Qxa3 32. Rd7 Bxd4 33. Rxd4 Rc8
34. Ra4 Qe7 35. Bd3 Rc3 36. Bf1 Qc7 37. Ra6 Rc5 38. Rba1 Ra5 39. R1xa5 bxa5 40.
Bb5 Qc5 1-0

[Event "SR 2. liga A 2014/2015"]
[Site "?"]
[Date "2015.02.01"]
[Round "7.4"]
[White "Sekera, Branislav"]
[Black "Kleman, Miroslav"]
[Result "1/2-1/2"]
[WhiteElo "2207"]
[BlackElo "2230"]
[PlyCount "82"]
[EventDate "2014.??.??"]

1. d4 Nf6 2. Nf3 e6 3. Bg5 d5 4. e3 Be7 5. Bd3 O-O 6. O-O Nbd7 7. c4 a6 8. Nc3
dxc4 9. Bxc4 b5 10. Bd3 c5 11. Rc1 Qb6 12. Bb1 Bb7 13. Ne5 Rfe8 14. Nxd7 Nxd7
15. Bxe7 Rxe7 16. Qh5 f5 17. Qg5 Rae8 18. Rfd1 cxd4 19. Rxd4 h6 20. Qg3 Nf6 21.
Rcd1 Rc7 22. Qg6 Qc5 23. a3 Qe7 24. Ba2 Qf7 25. Qg3 Kh7 26. Qe5 Ng4 27. Qg3 Nf6
28. Rd6 Ree7 29. f3 Rc5 30. Qf4 g5 31. Qd4 Rcc7 32. Qe5 Nd7 33. Qd4 Nf8 34. e4
Qg7 35. e5 Bc8 36. Re1 Red7 37. Qe3 Re7 38. Kf2 Ng6 39. g3 Nf8 40. Red1 Ng6 41.
Re1 Nf8 1/2-1/2

[Event "SR 2. liga A 2014/2015"]
[Site "?"]
[Date "2015.02.01"]
[Round "7.4"]
[White "Mydlarik, Martin"]
[Black "Kavon, Rastislav"]
[Result "1/2-1/2"]
[WhiteElo "2138"]
[BlackElo "2153"]
[PlyCount "139"]
[EventDate "2014.??.??"]

1. e4 c5 2. Nf3 d6 3. d3 g6 4. g3 Bg7 5. Bg2 Nc6 6. O-O e6 7. Re1 Nge7 8. Nbd2
O-O 9. Nf1 d5 10. e5 f6 11. Bf4 f5 12. Qd2 Qc7 13. Bh6 Rd8 14. Bxg7 Kxg7 15. c3
d4 16. c4 Rb8 17. h3 a6 18. Re2 Bd7 19. g4 Rf8 20. Rae1 b5 21. b3 bxc4 22. bxc4
Nb4 23. Ng3 Qa5 24. Qg5 Rf7 25. gxf5 Nxf5 26. Qd2 Qa3 27. Rb1 Nxg3 28. fxg3 Ba4
29. Ng5 Re7 30. Ne4 Rc7 31. Rf2 Re8 32. Nd6 Qxd3 33. Nxe8+ Bxe8 34. Rbf1 Qxd2
35. Rxd2 Bc6 36. Rf6 Re7 37. a3 Bxg2 38. axb4 Bxh3 39. bxc5 Rc7 40. Rxd4 Rxc5
41. Rd7+ Kh6 42. Rf4 Bf5 43. Rfd4 Rxe5 44. Rc7 Be4 45. Rd6 a5 46. Ra6 Kg5 47.
c5 Kg4 48. Kf2 Bf3 49. Rxa5 Re2+ 50. Kf1 Kxg3 51. Ra3 Rd2 52. Rxf3+ Kxf3 53.
Ke1 Rc2 54. Kd1 Rc4 55. Kd2 Ke4 56. Rxh7 Rxc5 57. Re7 e5 58. Ra7 g5 59. Ke2
Rc2+ 60. Kf1 Kf3 61. Ra3+ Kf4 62. Ra8 e4 63. Ra3 g4 64. Rb3 e3 65. Rb8 Kf3 66.
Rf8+ Kg3 67. Re8 e2+ 68. Ke1 Kg2 69. Rg8 g3 70. Rxg3+ 1/2-1/2

[Event "SR 2. liga A 2014/2015"]
[Site "?"]
[Date "2015.02.01"]
[Round "7.4"]
[White "Bango, Lukas"]
[Black "Kundrak, Vladimir"]
[Result "1-0"]
[WhiteElo "1917"]
[BlackElo "1949"]
[PlyCount "105"]
[EventDate "2014.??.??"]

1. c4 Nf6 2. Nf3 g6 3. g3 Bg7 4. Bg2 O-O 5. O-O d5 6. cxd5 Nxd5 7. Nc3 c5 8.
Nxd5 Qxd5 9. d3 Nc6 10. Qa4 Qh5 11. Be3 Bxb2 12. Rab1 Bg7 13. Rfc1 e5 14. Rxc5
Rb8 15. Ng5 Qg4 16. Rc4 Nd4 17. Bxd4 exd4 18. Nf3 b5 19. Qd1 bxc4 20. Rxb8 c3
21. Ne1 Qg5 22. f4 Qa5 23. Nc2 Qxa2 24. Rb1 Qa5 25. Ra1 Qc5 26. Ra4 Be6 27. Qb1
Rd8 28. Qb7 Qb6 29. Rxa7 Qb3 30. Ra8 Rxa8 31. Qxa8+ Bf8 32. Nxd4 c2 33. Nxb3
Bxb3 34. Qc8 Kg7 35. Qc3+ Kg8 36. Bd5 Ba3 37. Qc8+ Kg7 38. Bxb3 c1=Q+ 39. Qxc1
Bxc1 40. Kf2 Kf8 41. Kf3 Ke7 42. e4 f6 43. d4 h6 44. e5 g5 45. h3 gxf4 46. gxf4
Bb2 47. Ke4 Bc3 48. d5 Bb4 49. d6+ Kd7 50. Kd5 fxe5 51. fxe5 Kd8 52. e6 h5 53.
e7+ 1-0

[Event "SR 2. liga A 2014/2015"]
[Site "?"]
[Date "2015.02.01"]
[Round "7.4"]
[White "Sustak, Roman"]
[Black "Jakubec, Milan"]
[Result "0-1"]
[WhiteElo "1877"]
[BlackElo "2102"]
[PlyCount "40"]
[EventDate "2014.??.??"]

1. Nf3 d5 2. c4 e6 3. d4 Nf6 4. Nc3 Nbd7 5. e3 c6 6. Bd3 Bd6 7. Bd2 dxc4 8.
Bxc4 O-O 9. O-O Qe7 10. Qc2 e5 11. Rfe1 e4 12. Nh4 Nb6 13. Be2 g5 14. Nf3 exf3
15. Bxf3 g4 16. Be2 Nfd5 17. Bd3 Nb4 18. Bxh7+ Kg7 19. Qe4 f5 20. Qxe7+ Bxe7
0-1

[Event "SR 2. liga A 2014/2015"]
[Site "?"]
[Date "2015.02.01"]
[Round "7.4"]
[White "Mackovic, Matus"]
[Black "Petrakovic, Kamil"]
[Result "1-0"]
[WhiteElo "1949"]
[BlackElo "1808"]
[PlyCount "81"]
[EventDate "2014.??.??"]

1. e4 c5 2. Nf3 g6 3. d4 Bg7 4. d5 d6 5. c4 Nf6 6. Nc3 O-O 7. h3 a6 8. Be3 e5
9. Qd2 Nfd7 10. g4 f6 11. Bd3 Rf7 12. h4 Nf8 13. Rg1 Nbd7 14. O-O-O Rb8 15. Rg2
Nb6 16. Rh1 Bd7 17. Ne1 Na4 18. f4 Nxc3 19. Qxc3 b5 20. f5 bxc4 21. Bxc4 Bb5
22. Bb3 c4 23. Bc2 Rfb7 24. g5 Rc8 25. h5 Be8 26. gxf6 Bxf6 27. Rhg1 Bg7 28.
hxg6 hxg6 29. fxg6 a5 30. Bd1 a4 31. Nc2 Qh4 32. Rg4 Qd8 33. Nb4 Qa5 34. a3 Qb5
35. R4g2 Rcb8 36. Bd2 Ra8 37. Qh3 Qd7 38. Bg4 Qe7 39. Be6+ Nxe6 40. dxe6 Qc7
41. Qh7+ 1-0

[Event "SR 2. liga A 2014/2015"]
[Site "?"]
[Date "2015.02.01"]
[Round "7.4"]
[White "Horvath, Marek"]
[Black "Mackovic, Miroslav"]
[Result "0-1"]
[WhiteElo "1817"]
[BlackElo "1846"]
[PlyCount "73"]
[EventDate "2014.??.??"]

1. e4 c5 2. c3 d6 3. d4 cxd4 4. cxd4 Nf6 5. Bd3 Nc6 6. Ne2 e6 7. O-O Be7 8.
Nbc3 e5 9. d5 Nb8 10. a4 O-O 11. b4 Nh5 12. Be3 g6 13. Qd2 f5 14. f3 f4 15. Bf2
g5 16. Rfc1 a6 17. a5 Nd7 18. Na4 Qe8 19. Nb6 Nxb6 20. Bxb6 g4 21. Kh1 Nf6 22.
Ng1 Nd7 23. Bf2 Qh5 24. fxg4 Qxg4 25. Be2 Qg6 26. Bf3 Nf6 27. Qe2 Bd8 28. Rc2
Bd7 29. Rac1 Bb5 30. Qd2 Nxe4 31. Bxe4 Qxe4 32. Nf3 Bd7 33. Bh4 Bxh4 34. Nxh4
Rac8 35. Nf3 Rxc2 36. Rxc2 Bg4 37. Rc4 0-1

[Event "SR 2. liga A 2014/2015"]
[Site "?"]
[Date "2015.02.01"]
[Round "7.4"]
[White "Capanda, Jan"]
[Black "Hlubovic, Michal"]
[Result "1-0"]
[WhiteElo "1762"]
[BlackElo "1776"]
[PlyCount "73"]
[EventDate "2014.??.??"]

1. e4 d6 2. h3 e5 3. Nf3 g6 4. Nc3 Bg7 5. Bc4 Be6 6. Bb3 Nc6 7. d3 h6 8. Nd5
Na5 9. Be3 Nxb3 10. axb3 a6 11. c4 Nf6 12. Ra2 O-O 13. O-O Nd7 14. Nh2 c6 15.
Nc3 Nf6 16. f4 exf4 17. Rxf4 Nh5 18. Rf2 f5 19. exf5 Rxf5 20. Rxf5 gxf5 21.
Qxh5 Kh7 22. Nf3 Kg8 23. Bxh6 Bf7 24. Qg5 Qxg5 25. Bxg5 Re8 26. Kf2 Kh7 27. Bf4
Kg6 28. Ra1 Be5 29. Ne2 Bxb2 30. Ra5 d5 31. d4 dxc4 32. bxc4 Bxc4 33. Ne5+ Rxe5
34. Bxe5 Bb3 35. Nf4+ Kf7 36. Nd3 b6 37. Rxa6 1-0